| 000 | 00682nam a2200205 a 4500 | ||
|---|---|---|---|
| 001 | 000026623 | ||
| 003 | DO-SdBNP | ||
| 005 | 20220727133742.0 | ||
| 008 | 110324s1996 dr 000 0 spa d | ||
| 040 |
_aDO-SdBNP _bspa _cBNPHU |
||
| 049 | _aBNPD | ||
| 100 | 1 |
_aMadrigal, Luis E. _921616 |
|
| 245 | 1 | 0 |
_aCurso de contabilidad para el segundo nivel : _bteoría y práctica, preguntas y problemas. / _cVíctor R. De la Rosa, Damaso A. Toribio L., Luis E. Madrigal. |
| 260 |
_aSanto Domingo _fMaxy _c1996. |
||
| 300 |
_a219 p. ; _c23 cm. |
||
| 504 | _aBibliografía p: 219 | ||
| 700 | 1 |
_aToribio L., Damaso A. _921615 |
|
| 700 | 1 |
_aDe la Rosa, Víctor R. _953727 |
|
| 942 |
_2ddc _cLBS1 |
||
| 999 |
_c26115 _d26115 |
||